[Event "CRO-chT2 Center 26th"]
[Site "Croatia"]
[Date "2017.04.09"]
[Round "6.46"]
[White "Toplak, Juraj"]
[Black "Maslac, Zvonimir"]
[Result "1/2-1/2"]
[WhiteElo "2004"]
[BlackElo "2053"]
[PlyCount "63"]
[EventDate "2017.03.26"]
[EventType "team-tourn"]
[EventRounds "11"]
[EventCountry "CRO"]
[SourceTitle "EXT 2019"]
[Source "ChessBase"]
[SourceDate "2018.10.10"]
[SourceVersion "1"]
[SourceVersionDate "2018.10.10"]
[SourceQuality "1"]

1. e4 e5 2. Nf3 d6 3. Nc3 c6 4. d4 Nd7 5. a4 Be7 6. Bc4 Ngf6 7. 0-0 0-0 8. h3 h6 9. Qe2 Qc7 10. Rd1 Re8 11. dxe5 dxe5 12. Nh4 Nf8 13. Nf5 Be6 14. Be3 Qc8 15. Bd3 Ng6 16. g3 Bf8 17. Qf3 Bxf5 18. exf5 Ne7 19. Ne4 Ned5 20. c4 Nxe4 21. Bxe4 Nxe3 22. Qxe3 Qc7 23. Rd3 Rad8 24. Rad1 Rd4 25. Rxd4 exd4 26. Qxd4 Re5 27. Bd3 Bc5 28. Qf4 f6 29. Kg2 Qe7 30. Rd2 a5 31. Qg4 Qe8 32. Qf4 1/2-1/2

[Event "CRO-chT2 Center 26th"]
[Site "Croatia"]
[Date "2017.04.02"]
[Round "4.56"]
[White "Martic, Josip"]
[Black "Maslac, Zvonimir"]
[Result "1-0"]
[WhiteElo "2020"]
[BlackElo "2053"]
[PlyCount "97"]
[EventDate "2017.03.26"]
[EventType "team-tourn"]
[EventRounds "11"]
[EventCountry "CRO"]
[SourceTitle "EXT 2019"]
[Source "ChessBase"]
[SourceDate "2018.10.10"]
[SourceVersion "1"]
[SourceVersionDate "2018.10.10"]
[SourceQuality "1"]

1. d4 d5 2. c4 c6 3. Nf3 Nf6 4. Nc3 dxc4 5. a4 Bf5 6. e3 e6 7. Bxc4 Bb4 8. 0-0 0-0 9. Qe2 Bg6 10. Ne5 Nbd7 11. Nxg6 hxg6 12. Rd1 Qe7 13. e4 e5 14. d5 Bc5 15. Bg5 Bd4 16. a5 a6 17. dxc6 bxc6 18. Bxa6 Rfb8 19. Bd3 Qb4 20. Bd2 Qd6 21. Ra2 Nc5 22. Bc2 Qe6 23. Rda1 Na6 24. Bd3 Nb4 25. Bc4 Qd7 26. Ra4 Nc2 27. Rf1 Ba7 28. b3 Nd4 29. Qd1 Ng4 30. Bg5 Nf6 31. h3 Qc7 32. Be3 Nb5 33. Bxa7 Rxa7 34. Qc2 Nxc3 35. Qxc3 Nxe4 36. Qe3 Nf6 37. a6 Nd5 38. Bxd5 cxd5 39. Rc1 Qb6 40. Rb4 Qxb4 41. Qxa7 Qxb3 42. Rc7 d4 43. Rxf7 Qxf7 44. Qxb8+ Kh7 45. a7 Qf4 46. Qb1 d3 47. a8Q d2 48. Qf3 Qd4 49. Qbd1 1-0

[Event "Krapina Regional Cup"]
[Site "Krapina"]
[Date "2016.02.14"]
[Round "2"]
[White "Maslac, Zvonimir"]
[Black "Babic, Dalibor"]
[Result "0-1"]
[WhiteElo "2072"]
[BlackElo "1975"]
[PlyCount "94"]
[EventDate "2016.02.14"]
[EventType "team-swiss"]
[EventRounds "5"]
[EventCountry "CRO"]
[SourceTitle "CBM 171 Extra"]
[Source "ChessBase"]
[SourceDate "2016.04.26"]
[SourceVersion "1"]
[SourceVersionDate "2016.04.26"]
[SourceQuality "1"]

1. e4 c5 2. Nf3 Nc6 3. Bb5 a6 4. Bxc6 bxc6 5. d4 cxd4 6. Nxd4 e5 7. Nb3 Nf6 8. 0-0 Be7 9. Nc3 0-0 10. Bg5 d6 11. Qd2 Qc7 12. Rad1 Rd8 13. f3 Be6 14. Qf2 a5 15. Be3 a4 16. Bb6 Qb8 17. Na5 Rc8 18. Nxa4 c5 19. b3 Bd7 20. Rb1 Ra6 21. Nc4 Bb5 22. Ba5 Qa7 23. Nab6 Rb8 24. Qd2 Rxa5 25. Nxa5 Rxb6 26. Nc4 Ra6 27. Qc3 h6 28. Rfd1 Bxc4 29. bxc4 Rxa2 30. Rb3 Qa5 31. Rb8+ Kh7 32. Qd3 Ra1 33. Rb7 Rxd1+ 34. Qxd1 Ng8 35. g3 Qa6 36. Qd5 Nf6 37. Qxf7 Qxb7 38. g4 Qb1+ 39. Kg2 Qxc2+ 40. Kg3 Bd8 41. h4 Qc1 42. Qe6 Qf4+ 43. Kg2 Ba5 44. Qxd6 Qd2+ 45. Qxd2 Bxd2 46. Kf2 Nd7 47. Ke2 Bc3 0-1

[Event "Zagreb op"]
[Site "Zagreb"]
[Date "2015.04.18"]
[Round "2"]
[White "Cebalo, Miso"]
[Black "Maslac, Zvonimir"]
[Result "1-0"]
[WhiteElo "2379"]
[BlackElo "2098"]
[PlyCount "58"]
[EventDate "2015.04.17"]
[EventType "swiss"]
[EventRounds "9"]
[EventCountry "CRO"]
[SourceTitle "CBM 166 Extra"]
[Source "ChessBase"]
[SourceDate "2015.06.18"]
[SourceVersion "1"]
[SourceVersionDate "2015.06.18"]
[SourceQuality "1"]

1. d4 d5 2. Nf3 c6 3. c4 Nf6 4. Nc3 dxc4 5. a4 Bf5 6. Ne5 Ng4 7. Nxc4 e5 8. e4 exd4 9. exf5 dxc3 10. Qxg4 Bb4 11. Qe4+ Kf8 12. b3 Na6 13. Be2 Qd5 14. Qxd5 cxd5 15. Na3 Nc5 16. Nc2 a5 17. Be3 Nxb3 18. Rd1 Rd8 19. Bb5 d4 20. Ke2 Bc5 21. Bc4 Nd2 22. Bxd2 cxd2 23. Rxd2 g5 24. Rhd1 Kg7 25. Nxd4 Rhe8+ 26. Kf3 h5 27. Nb5 g4+ 28. Kf4 Be7 29. Rd7 Kh6 1-0

[Event "CRO-chT2 Center 23rd"]
[Site "Grubisno Polje"]
[Date "2014.09.07"]
[Round "8.34"]
[White "Novosel, Tomislav"]
[Black "Maslac, Zvonimir"]
[Result "1-0"]
[WhiteElo "2169"]
[BlackElo "2127"]
[PlyCount "65"]
[EventDate "2014.03.02"]
[EventType "team-match"]
[EventRounds "11"]
[EventCountry "CRO"]
[SourceTitle "EXT 2016"]
[Source "ChessBase"]
[SourceDate "2015.10.08"]
[SourceVersion "1"]
[SourceVersionDate "2015.10.08"]
[SourceQuality "1"]

1. Nf3 d5 2. d4 Nf6 3. c4 c6 4. Nc3 dxc4 5. a4 Bf5 6. e3 e6 7. Bxc4 Nbd7 8. 0-0 Bd6 9. Qe2 Bg4 10. h3 Bh5 11. e4 e5 12. d5 0-0 13. Bg5 h6 14. Bh4 g5 15. Bg3 Qe7 16. Rad1 Bc5 17. h4 Kh8 18. Rd3 gxh4 19. Bxh4 Rg8 20. Qd2 Kh7 21. Rd1 Qf8 22. dxc6 bxc6 23. g3 Qg7 24. Kg2 Rad8 25. Rh1 Be7 26. Bxf6 Bxf3+ 27. Rxf3 Nxf6 28. Qc1 Rd4 29. Bxf7 Rf8 30. Be6 Nxe4 31. Nxe4 Rxf3 32. Kxf3 Qf6+ 33. Nxf6+ 1-0

[Event "CRO-chT2 Center 23rd"]
[Site "Grubisno Polje"]
[Date "2014.03.02"]
[Round "1.1"]
[White "Machata, Martin"]
[Black "Maslac, Zvonimir"]
[Result "1-0"]
[WhiteElo "2240"]
[BlackElo "2127"]
[PlyCount "105"]
[EventDate "2014.03.02"]
[EventType "team-match"]
[EventRounds "11"]
[EventCountry "CRO"]
[SourceTitle "EXT 2016"]
[Source "ChessBase"]
[SourceDate "2015.10.08"]
[SourceVersion "1"]
[SourceVersionDate "2015.10.08"]
[SourceQuality "1"]

1. e4 c6 2. d4 d5 3. e5 Bf5 4. g4 Bg6 5. e6 h5 6. Nf3 Qd6 7. exf7+ Bxf7 8. Ne5 Qe6 9. Be2 Nd7 10. f4 Nxe5 11. fxe5 hxg4 12. Bxg4 Qg6 13. Qe2 e6 14. Nc3 Be7 15. Be3 Bh4+ 16. Kd2 Nh6 17. Bh3 Nf5 18. Rag1 Nxe3 19. Rxg6 Nc4+ 20. Kc1 Bxg6 21. Rg1 Bh5 22. Bg4 Bf7 23. Bh3 Be7 24. Qf3 g5 25. Rf1 0-0 26. Qg3 Kg7 27. Rf6 Bxf6 28. exf6+ Kxf6 29. Bf1 Nb6 30. Qe5+ Ke7 31. Qc7+ Nd7 32. Qxb7 Bg6 33. Be2 Rac8 34. Qxa7 Rf2 35. Qa3+ c5 36. Nxd5+ exd5 37. Qe3+ Be4 38. Qxf2 cxd4 39. Qxd4 Rxc2+ 40. Kd1 Kd6 41. Qxe4 dxe4 42. Kxc2 Kc5 43. Kc3 Kd5 44. b4 Nb6 45. Bb5 Ke5 46. Bc6 e3 47. Kd3 Kf4 48. Ke2 Nc4 49. a4 Nd2 50. a5 g4 51. a6 Nf3 52. a7 Nd4+ 53. Ke1 1-0

[Event "CRO-chT2 Center 22nd"]
[Site "Sisak"]
[Date "2013.04.21"]
[Round "3.6"]
[White "Muha, Miljenko"]
[Black "Maslac, Zvonimir"]
[Result "1-0"]
[WhiteElo "1881"]
[BlackElo "2130"]
[PlyCount "69"]
[EventDate "2013.04.14"]
[EventType "team-tourn"]
[EventRounds "11"]
[EventCountry "CRO"]
[SourceTitle "EXT 2016"]
[Source "ChessBase"]
[SourceDate "2015.10.08"]
[SourceVersion "1"]
[SourceVersionDate "2015.10.08"]
[SourceQuality "1"]

1. d4 d5 2. c4 c6 3. Nf3 Nf6 4. Nc3 dxc4 5. e3 Bf5 6. Bxc4 e6 7. 0-0 Nbd7 8. Qe2 Bg4 9. Rd1 Be7 10. e4 0-0 11. h3 Bh5 12. Bf4 Qa5 13. Bh2 e5 14. d5 cxd5 15. Nxd5 Nxd5 16. Rxd5 Bxf3 17. Qxf3 Qc7 18. Bb3 Bf6 19. Qf5 Rad8 20. Rad1 Nc5 21. Rxd8 Rxd8 22. Rxd8+ Qxd8 23. Bxe5 Nxb3 24. axb3 Be7 25. Bc3 Qd1+ 26. Kh2 Qxb3 27. Bd4 b6 28. Qd7 Qe6 29. Qxa7 Qxe4 30. Qxb6 h5 31. Qb8+ Bf8 32. Bc5 Kh7 33. Bxf8 g5 34. Qd6 Kg8 35. Bh6 1-0

[Event "CRO-Cup 20th"]
[Site "Sibenik"]
[Date "2011.05.21"]
[Round "5.114"]
[White "Krsnik Cohar, Ivan Vihor"]
[Black "Maslac, Zvonimir"]
[Result "0-1"]
[WhiteElo "1901"]
[BlackElo "2129"]
[PlyCount "82"]
[EventDate "2011.05.18"]
[EventType "team-swiss"]
[EventRounds "6"]
[EventCountry "CRO"]
[SourceTitle "CBM 142 Extra"]
[Source "ChessBase"]
[SourceDate "2011.06.27"]
[SourceVersion "1"]
[SourceVersionDate "2011.06.27"]
[SourceQuality "1"]
[WhiteTeam "Rijeka Kvarner"]
[BlackTeam "Krapina"]
[WhiteTeamCountry "CRO"]
[BlackTeamCountry "CRO"]

1. d4 d5 2. Nf3 c6 3. Bg5 h6 4. Bh4 Bf5 5. e3 Qb6 6. Qc1 Nd7 7. Nbd2 e6 8. Be2 Ngf6 9. c3 Bd6 10. 0-0 Qc7 11. Bg3 Bg4 12. Qd1 0-0 13. Bxd6 Qxd6 14. h3 Bh5 15. Nh4 Bxe2 16. Qxe2 Ne4 17. Nhf3 f5 18. Nxe4 fxe4 19. Nd2 e5 20. Rad1 exd4 21. exd4 Rae8 22. Rde1 Qg6 23. c4 Nf6 24. Kh2 Nh5 25. g3 e3 26. Nf3 exf2 27. Qxf2 Rxe1 28. Rxe1 Qf5 29. Kg2 Qg6 30. Kh2 dxc4 31. Re3 Nf6 32. Qe2 Nd5 33. Ne5 Qg5 34. Rf3 Rxf3 35. Qxf3 Qd2+ 36. Kh1 Qc1+ 37. Kh2 Qxb2+ 38. Kh1 Qb1+ 39. Kh2 Qxa2+ 40. Kh1 Qb1+ 41. Kh2 Nf6 0-1

[Event "CRO-Cup 20th"]
[Site "Sibenik"]
[Date "2011.05.19"]
[Round "2.104"]
[White "Takac, Zvonko"]
[Black "Maslac, Zvonimir"]
[Result "1/2-1/2"]
[WhiteElo "2071"]
[BlackElo "2129"]
[PlyCount "29"]
[EventDate "2011.05.18"]
[EventType "team-swiss"]
[EventRounds "6"]
[EventCountry "CRO"]
[SourceTitle "CBM 142 Extra"]
[Source "ChessBase"]
[SourceDate "2011.06.27"]
[SourceVersion "1"]
[SourceVersionDate "2011.06.27"]
[SourceQuality "1"]
[WhiteTeam "Samobor"]
[BlackTeam "Krapina"]
[WhiteTeamCountry "CRO"]
[BlackTeamCountry "CRO"]

1. d4 d5 2. Nf3 c6 3. c4 Nf6 4. Nc3 dxc4 5. a4 Bf5 6. e3 e6 7. Bxc4 Bb4 8. 0-0 Nbd7 9. Qe2 0-0 10. Rd1 Bg6 11. Bd3 Qc7 12. Bd2 e5 13. dxe5 Nxe5 14. Nxe5 Qxe5 15. Bxg6 1/2-1/2

[Event "Zagreb op-B"]
[Site "Zagreb"]
[Date "2011.04.14"]
[Round "4"]
[White "Jelecevic, Ivo"]
[Black "Maslac, Zvonimir"]
[Result "0-1"]
[WhiteElo "2183"]
[BlackElo "2114"]
[PlyCount "97"]
[EventDate "2011.04.11"]
[EventType "swiss"]
[EventRounds "9"]
[EventCountry "CRO"]
[SourceTitle "CBM 141 Extra"]
[Source "ChessBase"]
[SourceDate "2011.05.03"]
[SourceVersion "1"]
[SourceVersionDate "2011.05.03"]
[SourceQuality "1"]

1. e4 c6 2. d4 d5 3. e5 Bf5 4. Nf3 e6 5. Be2 c5 6. Be3 Qb6 7. Nc3 c4 8. Na4 Qc6 9. Nc3 Bb4 10. a4 Ba5 11. 0-0 a6 12. Nh4 Bg6 13. f4 Bd8 14. Nf3 Ne7 15. Qd2 Ba5 16. Nh4 Nd7 17. Bg4 f5 18. exf6 Nxf6 19. Qe2 0-0 20. Nxg6 hxg6 21. Bh3 Nf5 22. Bf2 Bxc3 23. bxc3 Ne4 24. Be1 b5 25. g4 Nfd6 26. axb5 axb5 27. Rxa8 Rxa8 28. Bh4 Ra3 29. Be1 Qd7 30. Rf3 Qa7 31. f5 exf5 32. gxf5 g5 33. f6 gxf6 34. Be6+ Kg7 35. Bxd5 Qd7 36. Re3 f5 37. Qh5 Ra1 38. Kf1 Qe7 39. Kg2 Qf6 40. Bg3 f4 41. Bxe4 Nxe4 42. Rxe4 fxg3 43. Qe2 gxh2 44. Re7+ Kg6 45. Kxh2 Qh8+ 46. Kg3 Qh4+ 47. Kf3 Qh1+ 48. Kf2 Qg1+ 49. Kf3 0-1

[Event "Zagreb op-B"]
[Site "Zagreb"]
[Date "2011.04.12"]
[Round "2"]
[White "Bender, Ivan"]
[Black "Maslac, Zvonimir"]
[Result "0-1"]
[WhiteElo "2276"]
[BlackElo "2114"]
[PlyCount "60"]
[EventDate "2011.04.11"]
[EventType "swiss"]
[EventRounds "9"]
[EventCountry "CRO"]
[SourceTitle "CBM 141 Extra"]
[Source "ChessBase"]
[SourceDate "2011.05.03"]
[SourceVersion "1"]
[SourceVersionDate "2011.05.03"]
[SourceQuality "1"]

1. e4 c6 2. d4 d6 3. Nc3 e5 4. Nge2 Nd7 5. Be3 Ngf6 6. f3 Qc7 7. Qd2 Be7 8. g4 exd4 9. Nxd4 Ne5 10. 0-0-0 h6 11. Kb1 a6 12. Be2 b5 13. Nf5 Bxf5 14. gxf5 0-0-0 15. Rhg1 d5 16. Qe1 dxe4 17. Rxd8+ Rxd8 18. fxe4 Ne8 19. Qf2 Kb7 20. a4 Bb4 21. f6 g5 22. h4 Bxc3 23. bxc3 Nd6 24. axb5 axb5 25. hxg5 Nxe4 26. Qg2 Nxc3+ 27. Kb2 Qa5 28. Ra1 Qb4+ 29. Kc1 Na4 30. Rxa4 Qxa4 0-1

[Event "CRO-chT3 Center-A"]
[Site "Zagreb"]
[Date "2011.03.20"]
[Round "2.66"]
[White "Sliepcevic, Mladen"]
[Black "Maslac, Zvonimir"]
[Result "0-1"]
[WhiteElo "2186"]
[BlackElo "2114"]
[PlyCount "120"]
[EventDate "2011.03.13"]
[EventType "team-tourn"]
[EventRounds "11"]
[EventCountry "CRO"]
[SourceTitle "EXT 2014"]
[Source "ChessBase"]
[SourceDate "2013.11.20"]
[SourceVersion "1"]
[SourceVersionDate "2013.11.20"]
[SourceQuality "1"]

1. e4 c6 2. d4 d5 3. Nc3 dxe4 4. Nxe4 Nf6 5. Nxf6+ gxf6 6. Ne2 h5 7. Be3 Bf5 8. Qd2 h4 9. h3 e6 10. 0-0-0 Nd7 11. c4 Qc7 12. Nc3 Bb4 13. Be2 0-0-0 14. a3 Qa5 15. Bd3 Nc5 16. Bc2 Bxa3 17. Na2 Qxd2+ 18. Rxd2 Bxc2 19. Kxc2 Ne4 20. bxa3 Nxd2 21. Kxd2 Rhg8 22. Rg1 Rg6 23. Ke2 e5 24. dxe5 fxe5 25. g4 f5 26. f3 f4 27. Bc5 b6 28. Bb4 Rd4 29. Rc1 e4 30. fxe4 Rxe4+ 31. Kf3 Re3+ 32. Kxf4 Rxh3 33. Be7 Rg3 34. g5 Re6 35. Bf6 Re2 36. Nc3 Rf2+ 37. Ke5 h3 38. Ne4 Re2 39. Kf4 Rgg2 40. Ng3 Ref2+ 41. Kg4 h2 42. Rd1 Rg1 43. Rd8+ Kb7 44. Rh8 Rfg2 45. Be5 h1Q 46. Rxh1 Rxh1 47. g6 Rh6 48. Kg5 Rxg6+ 49. Kxg6 Ra2 50. Kf5 Rxa3 51. Ne4 c5 52. Nd6+ Kc6 53. Ke4 a6 54. Nc8 Rb3 55. Ne7+ Kb7 56. Kd5 a5 57. Nf5 a4 58. Nd6+ Ka6 59. Kc6 a3 60. Nb5 a2 0-1

[Event "CRO-chT3 Center"]
[Site "Zagreb"]
[Date "2005.04.24"]
[Round "3.2"]
[White "Brigljevic, Milan"]
[Black "Maslac, Zvonimir"]
[Result "1-0"]
[WhiteElo "2249"]
[BlackElo "2101"]
[PlyCount "91"]
[EventDate "2005.04.03"]
[EventType "team-tourn"]
[EventRounds "11"]
[EventCountry "CRO"]
[SourceTitle "EXT 2007"]
[Source "ChessBase"]
[SourceDate "2006.11.23"]
[SourceVersion "1"]
[SourceVersionDate "2006.11.23"]
[SourceQuality "1"]

1. e4 c6 2. d3 e5 3. Nf3 d6 4. g3 Nf6 5. Bg2 Be7 6. 0-0 Bg4 7. h3 Bh5 8. c3 h6 9. Qb3 Bxf3 10. Bxf3 Qc7 11. d4 Nbd7 12. Bg2 g5 13. Be3 Rg8 14. a4 Rg7 15. a5 Kf8 16. Nd2 Kg8 17. Rfe1 Nf8 18. Ra4 Rd8 19. Nc4 c5 20. dxe5 dxe5 21. Raa1 Rb8 22. Bc1 Ne6 23. Ne3 Bf8 24. Qc4 Rg6 25. Bf3 Nf4 26. gxf4 gxf4+ 27. Ng2 h5 28. Kh2 Ng4+ 29. hxg4 hxg4 30. Bxg4 Rxg4 31. Qe2 Qd7 32. Rg1 Bg7 33. Rh1 Rd8 34. Bd2 Qe6 35. Rad1 c4 36. Be1 Rxd1 37. Qxd1 Qg6 38. Qf3 Bf8 39. Kg1 Bc5 40. Kf1 Be7 41. Qh3 Qg7 42. f3 Rg6 43. Nh4 Bxh4 44. Qc8+ Qf8 45. Qxf8+ Kxf8 46. Bxh4 1-0

[Event "Zagreb op"]
[Site "Zagreb"]
[Date "1997.??.??"]
[Round "2"]
[White "Zecevic, Dean"]
[Black "Maslac, Zvonimir"]
[Result "0-1"]
[WhiteElo "2320"]
[BlackElo "2060"]
[PlyCount "67"]
[EventDate "1997.??.??"]
[EventType "swiss"]
[EventRounds "9"]
[EventCountry "CRO"]
[SourceTitle "EXT 1999"]
[Source "ChessBase"]
[SourceDate "1998.11.16"]
[SourceVersion "1"]
[SourceVersionDate "1998.11.16"]
[SourceQuality "1"]

1. e4 e5 2. Nf3 d6 3. d4 Nd7 4. Bc4 c6 5. 0-0 Be7 6. dxe5 dxe5 7. Ng5 Bxg5 8. Qh5 Nh6 9. Bxg5 Nf6 10. Qh4 Rg8 11. Nc3 Nhg4 12. Rad1 Qe7 13. h3 h6 14. Bc1 g5 15. Qg3 Nh5 16. Qf3 Ngf6 17. Qe3 Nf4 18. Ne2 h5 19. Ng3 h4 20. Nf5 Bxf5 21. exf5 g4 22. Rfe1 gxh3 23. Qxe5 Rxg2+ 24. Kh1 Rh2+ 25. Kxh2 Ng4+ 26. Kh1 Nxe5 27. Bxf4 f6 28. Bxe5 fxe5 29. Rg1 Qc5 30. Rg8+ Ke7 31. Rg7+ Kf6 32. Rf7+ Kg5 33. Be2 Kf4 34. Rg1 0-1